Instrumentos de tutela y justicia constitucional : (Registro nro. 3406)
[ vista simple ]
| 000 -LEADER | |
|---|---|
| fixed length control field | 01570nam a2200289Ia 4500 |
| 003 - CONTROL NUMBER IDENTIFIER | |
| control field | OSt |
| 005 - DATE AND TIME OF LATEST TRANSACTION | |
| control field | 20200730133536.0 |
| 008 - FIXED-LENGTH DATA ELEMENTS--GENERAL INFORMATION | |
| fixed length control field | 191128t2002 mx fr 100 0 spa d |
| 020 ## - INTERNATIONAL STANDARD BOOK NUMBER | |
| International Standard Book Number | 9703200036 |
| 040 ## - CATALOGING SOURCE | |
| Original cataloging agency | CO-JMCR |
| Transcribing agency | CO-JMCR |
| 041 0# - LANGUAGE CODE | |
| Language code of text/sound track or separate title | spa |
| 082 04 - DEWEY DECIMAL CLASSIFICATION NUMBER | |
| Classification number | 342.0413 / |
| Item number | C749i |
| Edition number | 23 |
| 111 2# - MAIN ENTRY--MEETING NAME | |
| Meeting name or jurisdiction name as entry element | Congreso Iberoamericano de Derecho Constitucional |
| Number of part/section/meeting | (7mo : |
| Date of meeting or treaty signing | 2002 feb. 12-15 : |
| Location of meeting | México) |
| 9 (RLIN) | 8180 |
| 245 10 - TITLE STATEMENT | |
| Title | Instrumentos de tutela y justicia constitucional : |
| Statement of responsibility, etc. | Memoria del VII Congreso Iberoamericano de Derecho Constitucional ; Juan Vega Gómez y Eduardo Corzo Sosa coordinadores. |
| 250 ## - EDITION STATEMENT | |
| Edition statement | Primera edición |
| 260 ## - PUBLICATION, DISTRIBUTION, ETC. | |
| Place of publication, distribution, etc. | México : |
| Name of publisher, distributor, etc. | Universidad Nacional Autónoma de México : Instituto de Investigaciones Jurídicas, |
| Date of publication, distribution, etc. | ©2002 |
| 300 ## - PHYSICAL DESCRIPTION | |
| Extent | 795 Páginas ; |
| Dimensions | 22 cm. |
| 490 0# - SERIES STATEMENT | |
| Series statement | Doctrina Judicial ; |
| Volume/sequential designation | 99 |
| 505 0# - FORMATTED CONTENTS NOTE | |
| Formatted contents note | ¿Hay alternativas a la judicial review? / Marian Ahumada Ruiz -- Algunas consideraciones sobre el recurso de amparo / Manuel Aragón Pulido -- El juicio de la igualdad en la jurisprudencia de la corte constitucional colombiano. |
| 650 14 - SUBJECT ADDED ENTRY--TOPICAL TERM | |
| Topical term or geographic name entry element | Derecho constitucional comparado |
| Form subdivision | congresos, conferencias, etc |
| Geographic subdivision | América Latina |
| 9 (RLIN) | 8181 |
| 650 14 - SUBJECT ADDED ENTRY--TOPICAL TERM | |
| Topical term or geographic name entry element | Tribunales constitucionales |
| Form subdivision | congresos, conferencias, etc.. |
| Geographic subdivision | América Latina |
| 9 (RLIN) | 8182 |
| 650 14 - SUBJECT ADDED ENTRY--TOPICAL TERM | |
| Topical term or geographic name entry element | Justicia constitucional |
| Form subdivision | congresos, conferencias, etc.. |
| Geographic subdivision | América Latina |
| 9 (RLIN) | 8183 |
| 650 14 - SUBJECT ADDED ENTRY--TOPICAL TERM | |
| Topical term or geographic name entry element | Recurso de amparo |
| Form subdivision | congresos, conferencias, etc. |
| Geographic subdivision | América Latina |
| 9 (RLIN) | 8184 |
| 700 1# - ADDED ENTRY--PERSONAL NAME | |
| Personal name | Gómez, Juan Vega, |
| Relator term | coordinador |
| 9 (RLIN) | 8185 |
| 700 1# - ADDED ENTRY--PERSONAL NAME | |
| Personal name | Corzo Sosa, Edgar, |
| Relator term | coordinador |
| 9 (RLIN) | 8186 |
| 942 ## - ADDED ENTRY ELEMENTS (KOHA) | |
| Source of classification or shelving scheme | Dewey Decimal Classification |
| Koha item type | Books |
| Withdrawn status | Lost status | Source of classification or shelving scheme | Damaged status | Not for loan | Collection code | Home library | Current library | Date acquired | Source of acquisition | Full call number | Barcode | Date last seen | Copy number | Koha item type |
|---|---|---|---|---|---|---|---|---|---|---|---|---|---|---|
| Dewey Decimal Classification | Non-fiction | Biblioteca Pública José María del Castillo y Rada | Biblioteca Pública José María del Castillo y Rada | 03/09/2018 | Donación | 342.0413 / C749i | 201808284 | 05/16/2024 | Ej.1 | Books |